Normal view
MARC view
Entry Topical Term
001 - CONTROL NUMBER
- control field: 4699
003 - CONTROL NUMBER IDENTIFIER
- control field: BD-RjUL
005 - DATE AND TIME OF LATEST TRANSACTION
- control field: 20220908152907.0
008 - FIXED-LENGTH DATA ELEMENTS
- fixed length control field: 220908|| aca||aabn | a|a d
040 ## - CATALOGING SOURCE
- Original cataloging agency: BD-RjUL
- Transcribing agency: BD-RjUL
150 ## - HEADING--TOPICAL TERM
- Topical term or geographic name entry element: Biochemical
- Form subdivision: Honey
670 ## - SOURCE DATA FOUND
- Source citation: Work cat.: (BD-RjUL)80322: Khalil, Md. Ibrahim 4698, Biochemical and Antimicrobial Studies of Honey Available in Bangladesh And Clinical Evaluation of Honey in the Treatment of Diabetes /, 2003